[Event "Gardabaer op"]
[Site "Gardabaer"]
[Date "2021.11.13"]
[Round "6"]
[White "Kristinsson, Ogmundur"]
[Black "Ottesen, Oddgeir"]
[Result "1-0"]
[WhiteElo "1966"]
[BlackElo "1734"]
[PlyCount "107"]
[EventDate "2021.11.11"]
[EventType "swiss"]
[EventRounds "7"]
[EventCountry "ISL"]
[SourceTitle "EXT 2023"]
[Source "ChessBase"]
[SourceDate "2022.10.05"]
[SourceVersion "1"]
[SourceVersionDate "2022.10.05"]
[SourceQuality "1"]

1. d4 Nf6 2. Bg5 g6 3. f3 d5 4. Nc3 Bg7 5. Qd2 Nc6 6. 0-0-0 0-0 7. Bh6 a6 8. h4 Nh5 9. g4 Ng3 10. Bxg7 Kxg7 11. Rh2 Nxf1 12. Rxf1 h6 13. Nh3 e5 14. e3 exd4 15. exd4 Qd6 16. Re2 Nd8 17. Nf4 c6 18. Re5 Ne6 19. Rfe1 Nxf4 20. Qxf4 Be6 21. h5 f6 22. R5e4 Qxf4+ 23. Rxf4 g5 24. Rxe6 gxf4 25. Ne2 Rfe8 26. Nxf4 Rxe6 27. Nxe6+ Kf7 28. Nc5 Rb8 29. Kd2 a5 30. a3 b6 31. Nd3 Re8 32. b3 Rc8 33. Nf4 f5 34. Ng6 Kf6 35. Ne5 Rc7 36. b4 axb4 37. axb4 c5 38. c3 c4 39. b5 Ra7 40. Ke3 fxg4 41. fxg4 Kg5 42. Kf3 Re7 43. Ke3 Re6 44. Kf3 Rf6+ 45. Kg3 Re6 46. Nf7+ Kf6 47. Nxh6 Re3+ 48. Kf4 Rxc3 49. g5+ Kg7 50. Nf5+ Kh8 51. g6 Rh3 52. h6 c3 53. g7+ Kh7 54. Ne7 1-0

[Event "Gardabaer op"]
[Site "Gardabaer"]
[Date "2021.11.12"]
[Round "5"]
[White "Kjartansson, David"]
[Black "Ottesen, Oddgeir"]
[Result "1-0"]
[WhiteElo "2317"]
[BlackElo "1734"]
[PlyCount "53"]
[EventDate "2021.11.11"]
[EventType "swiss"]
[EventRounds "7"]
[EventCountry "ISL"]
[SourceTitle "EXT 2023"]
[Source "ChessBase"]
[SourceDate "2022.10.05"]
[SourceVersion "1"]
[SourceVersionDate "2022.10.05"]
[SourceQuality "1"]

1. d4 e6 2. Nf3 d5 3. c4 Nf6 4. g3 Bb4+ 5. Bd2 Bxd2+ 6. Nbxd2 0-0 7. Bg2 c6 8. 0-0 Nbd7 9. Qc2 dxc4 10. e4 Re8 11. e5 Nd5 12. Nxc4 f6 13. Rfe1 fxe5 14. dxe5 Rf8 15. h4 h6 16. Nd4 Qe7 17. Nd6 c5 18. N4f5 exf5 19. Bxd5+ Kh8 20. Nxf5 Qe8 21. Nd6 Qe7 22. Nf7+ Rxf7 23. Bxf7 Nxe5 24. Bh5 Qf6 25. f4 Nd7 26. Re8+ Nf8 27. Qxc5 1-0

[Event "ISL-chT1 1920"]
[Site "Reykjavik"]
[Date "2021.05.16"]
[Round "9.2"]
[White "Ottesen, Oddgeir"]
[Black "Stefansson, Bjorn Gretar"]
[Result "0-1"]
[WhiteElo "1765"]
[BlackElo "1665"]
[PlyCount "104"]
[EventDate "2019.10.03"]
[EventType "team-tourn"]
[EventRounds "9"]
[EventCountry "ISL"]
[SourceTitle "EXT 2022"]
[Source "ChessBase"]
[SourceDate "2021.10.06"]
[SourceVersion "1"]
[SourceVersionDate "2021.10.06"]
[SourceQuality "1"]
[WhiteTeam "Skakfelag Selfoss"]
[BlackTeam "Vikingaklubburinn II"]
[WhiteTeamCountry "ISL"]
[BlackTeamCountry "ISL"]

1. e4 c5 2. Nf3 Nc6 3. d4 cxd4 4. Nxd4 d6 5. Nc3 a6 6. Be3 g6 7. Qd2 Bg7 8. f3 Nf6 9. g4 h5 10. g5 Nh7 11. h4 Nf8 12. 0-0-0 Ne6 13. Nxc6 bxc6 14. f4 Qa5 15. Bc4 Rb8 16. Bb3 0-0 17. f5 gxf5 18. exf5 Qxf5 19. Rdf1 Qg6 20. Ne2 Nc5 21. Bxc5 dxc5 22. Nf4 Qd6 23. Qxd6 exd6 24. Ng6 c4 25. Bxc4 d5 26. Ne7+ Kh8 27. Bb3 Bd7 28. c3 Rbe8 29. Nf5 Bxf5 30. Rxf5 f6 31. gxf6 Rxf6 32. Rxh5+ Kg8 33. Rg1 Kf8 34. Rh7 Re7 35. c4 Bh6+ 36. Kb1 Rxh7 37. cxd5 cxd5 38. Bxd5 Rg7 39. Re1 Rc7 40. a3 Rf2 41. Re6 Bg7 42. Rb6 Rcc2 43. Rb8+ Ke7 44. Rb7+ Kd6 45. Rxg7 Rxb2+ 46. Kc1 Kxd5 47. h5 Rh2 48. Rg5+ Ke4 49. Rg8 Rbg2 50. Re8+ Kf5 51. Rd8 Ke6 52. Rd1 Rxh5 0-1

[Event "ISL-chT1 1920"]
[Site "Reykjavik"]
[Date "2021.05.15"]
[Round "8.4"]
[White "Thorhallsson, Simon"]
[Black "Ottesen, Oddgeir"]
[Result "1-0"]
[WhiteElo "2197"]
[BlackElo "1765"]
[PlyCount "63"]
[EventDate "2019.10.03"]
[EventType "team-tourn"]
[EventRounds "9"]
[EventCountry "ISL"]
[SourceTitle "EXT 2022"]
[Source "ChessBase"]
[SourceDate "2021.10.06"]
[SourceVersion "1"]
[SourceVersionDate "2021.10.06"]
[SourceQuality "1"]
[WhiteTeam "Skakfelag Akureyrar"]
[BlackTeam "Skakfelag Selfoss"]
[WhiteTeamCountry "ISL"]
[BlackTeamCountry "ISL"]

1. d4 Nf6 2. c4 g6 3. f3 Bg7 4. e4 d6 5. Nc3 Nbd7 6. Be3 0-0 7. Qd2 e5 8. Nge2 b6 9. d5 Ne8 10. g4 f5 11. gxf5 gxf5 12. Bg5 Bf6 13. Rg1 Kh8 14. exf5 Nc5 15. Ne4 Bxf5 16. h4 Nxe4 17. fxe4 Bxg5 18. hxg5 Bxe4 19. Nc3 Bg6 20. Bd3 Ng7 21. Bxg6 hxg6 22. Ne4 Nh5 23. Nf6 Kg7 24. Nxh5+ gxh5 25. Qe2 Rh8 26. 0-0-0 Qe7 27. Rdf1 Raf8 28. Rf6 Rf7 29. Qe4 Kg8 30. Qg6+ Rg7 31. Qf5 Rhh7 32. Qc8+ 1-0

[Event "ISL-chT2 1819"]
[Site "Reykjavik"]
[Date "2018.11.10"]
[Round "3.4"]
[White "Ottesen, Oddgeir"]
[Black "Gudmundsson, Bjorgvin"]
[Result "1-0"]
[WhiteElo "1819"]
[BlackElo "1936"]
[PlyCount "117"]
[EventDate "2018.11.09"]
[EventType "team-tourn"]
[EventRounds "7"]
[EventCountry "ISL"]
[SourceTitle "CBM 187 Extra"]
[Source "ChessBase"]
[SourceDate "2018.11.04"]
[SourceVersion "1"]
[SourceVersionDate "2018.11.04"]
[SourceQuality "1"]
[WhiteTeam "Skakdeild Hauka"]
[BlackTeam "Skakfelag Selfoss"]
[WhiteTeamCountry "ISL"]
[BlackTeamCountry "ISL"]

1. e4 c5 2. Nf3 Nc6 3. d4 cxd4 4. Nxd4 g6 5. Nc3 Bg7 6. Be3 Nf6 7. Nxc6 bxc6 8. e5 Ng8 9. f4 d6 10. Bc4 Nh6 11. Qf3 d5 12. Nxd5 Bg4 13. Qe4 Bf5 14. Qf3 cxd5 15. Bxd5 0-0 16. Bxa8 Qxa8 17. Qxa8 Rxa8 18. 0-0-0 Be4 19. Rd2 Nf5 20. Bc5 h5 21. Rhd1 Bh6 22. Rd8+ Rxd8 23. Rxd8+ Kg7 24. g3 h4 25. Bf2 hxg3 26. Bxg3 Nxg3 27. hxg3 g5 28. fxg5 Bxg5+ 29. Kd1 Be3 30. c4 Bf2 31. b4 Bxg3 32. Rd7 Bf3+ 33. Kd2 Bxe5 34. Rxe7 Bd6 35. Rxa7 Bxb4+ 36. Kd3 Kf6 37. a4 Ke6 38. Kd4 f5 39. Ra6+ Kd7 40. Rb6 Be1 41. Ke5 Bd1 42. Ra6 Bb3 43. c5 Bb4 44. Kd4 Bd2 45. Ke5 f4 46. Rd6+ Kc7 47. Rxd2 Kc6 48. Kd4 Bxa4 49. Rf2 Kd7 50. Rxf4 Bc6 51. Rh4 Ba4 52. Kc4 Bc2 53. Rh6 Kc7 54. Rf6 Bd1 55. c6 Kb6 56. Kd5 Ba4 57. Rh6 Bb5 58. Rf6 Ba4 59. Rg6 1-0

[Event "ISL-chT2 1718"]
[Site "Reykjavik"]
[Date "2018.03.03"]
[Round "6.4"]
[White "Birkisson, Bjorn Holm"]
[Black "Ottesen, Oddgeir"]
[Result "1-0"]
[WhiteElo "2022"]
[BlackElo "1814"]
[PlyCount "55"]
[EventDate "2017.10.20"]
[EventType "team-tourn"]
[EventRounds "7"]
[EventCountry "ISL"]
[SourceTitle "EXT 2019"]
[Source "ChessBase"]
[SourceDate "2018.10.10"]
[SourceVersion "1"]
[SourceVersionDate "2018.10.10"]
[SourceQuality "1"]
[WhiteTeam "Reykjavik II"]
[BlackTeam "Hauka"]
[WhiteTeamCountry "ISL"]
[BlackTeamCountry "ISL"]

1. d4 e6 2. Nc3 d5 3. e4 Bb4 4. e5 c5 5. a3 Bxc3+ 6. bxc3 Ne7 7. Qg4 Ng6 8. Bd3 Nc6 9. Nf3 Bd7 10. h4 h5 11. Qg3 Nce7 12. Ng5 Nf5 13. Bxf5 exf5 14. e6 Bxe6 15. Nxe6 Qe7 16. Kd1 fxe6 17. Qxg6+ Qf7 18. Qxf7+ Kxf7 19. Rb1 cxd4 20. Rxb7+ Kg6 21. cxd4 Rhb8 22. Re7 Re8 23. Rxe8 Rxe8 24. Rh3 Rc8 25. Rb3 Rc4 26. Rb4 Rc7 27. Bf4 Rc3 28. Ra4 1-0

[Event "ISL-chT2 1718"]
[Site "Reykjavik"]
[Date "2017.10.20"]
[Round "1.4"]
[White "Oskarsson, Aron Ingi"]
[Black "Ottesen, Oddgeir"]
[Result "1-0"]
[WhiteElo "1873"]
[BlackElo "1823"]
[PlyCount "61"]
[EventDate "2017.10.20"]
[EventType "team-tourn"]
[EventRounds "7"]
[EventCountry "ISL"]
[SourceTitle "CBM 181 Extra"]
[Source "ChessBase"]
[SourceDate "2017.12.12"]
[SourceVersion "1"]
[SourceVersionDate "2017.12.12"]
[SourceQuality "1"]
[WhiteTeam "Vinaskakfelagid"]
[BlackTeam "Hauka"]
[WhiteTeamCountry "ISL"]
[BlackTeamCountry "ISL"]

1. e4 e6 2. d4 d5 3. exd5 exd5 4. Bd3 Nf6 5. Nf3 Be7 6. 0-0 0-0 7. Bg5 Nc6 8. h3 Nb4 9. Be2 Bf5 10. Na3 Re8 11. Re1 a6 12. c3 Nc6 13. Nb1 h6 14. Bh4 Ne4 15. Bxe7 Nxe7 16. Ne5 Ng6 17. Nxg6 Bxg6 18. Nd2 Qh4 19. Nxe4 dxe4 20. Bc4 c6 21. Re3 Kh7 22. Qg4 Qd8 23. Rg3 h5 24. Qf4 f5 25. Re1 Qf6 26. Rg5 Re7 27. Re3 Rf8 28. Be2 Qf7 29. Reg3 Re6 30. Bc4 Rfe8 31. Rxg6 1-0

[Event "ISL-chT 0910"]
[Site "Reykjavik"]
[Date "2010.03.05"]
[Round "6"]
[White "Kjartansson, Gudmundur"]
[Black "Ottesen, Oddgeir"]
[Result "1-0"]
[WhiteElo "2413"]
[BlackElo "1903"]
[PlyCount "69"]
[EventDate "2009.09.25"]
[EventType "team-tourn"]
[EventRounds "7"]
[EventCountry "ISL"]
[SourceTitle "EXT 2011"]
[Source "ChessBase"]
[SourceDate "2010.11.26"]
[SourceVersion "1"]
[SourceVersionDate "2010.11.26"]
[SourceQuality "1"]

1. c4 e6 2. Nf3 Nf6 3. g3 b6 4. Bg2 Bb7 5. 0-0 Be7 6. Nc3 0-0 7. Re1 Ne4 8. Qc2 Nxc3 9. dxc3 f5 10. Be3 Nc6 11. Rad1 Qe8 12. b4 Rd8 13. Qa4 Bf6 14. Nd4 Bxd4 15. cxd4 d5 16. Rc1 Rf7 17. Bg5 Nxd4 18. Qd1 Nxe2+ 19. Qxe2 Rd6 20. cxd5 Bxd5 21. Bxd5 Rxd5 22. Qxe6 Qxe6 23. Rxe6 h6 24. Be3 g5 25. Rc4 f4 26. gxf4 gxf4 27. Bxf4 b5 28. Rce4 Rg7+ 29. Bg3 h5 30. Kg2 c5 31. bxc5 Rxc5 32. Re8+ Kh7 33. R8e7 a5 34. Rxg7+ Kxg7 35. Re5 1-0

[Event "ISL-chT 0910"]
[Site "Reykjavik"]
[Date "2009.09.27"]
[Round "4"]
[White "Ottesen, Oddgeir"]
[Black "Berg, Roy"]
[Result "0-1"]
[WhiteElo "1903"]
[BlackElo "2129"]
[PlyCount "72"]
[EventDate "2009.09.25"]
[EventType "team-tourn"]
[EventRounds "7"]
[EventCountry "ISL"]
[SourceTitle "CBM 132 Extra"]
[Source "ChessBase"]
[SourceDate "2009.11.03"]
[SourceVersion "1"]
[SourceVersionDate "2009.11.03"]
[SourceQuality "1"]

1. e4 e5 2. Nf3 Nc6 3. d4 exd4 4. Nxd4 Bc5 5. c3 Nf6 6. Nxc6 bxc6 7. Bd3 d6 8. 0-0 Ng4 9. Bf4 Qf6 10. Bg3 h5 11. Qf3 h4 12. Qxf6 hxg3 13. Qxg7 Bxf2+ 14. Rxf2 gxh2+ 15. Kf1 h1Q+ 16. Ke2 Nxf2 17. Nd2 Qh6 18. Qxh6 Rxh6 19. Kxf2 Be6 20. b3 Kd7 21. Nf3 Rah8 22. c4 Rh1 23. Bf1 Bg4 24. Nd2 f5 25. Ke3 fxe4 26. Nxe4 Re8 27. Kf4 Rxe4+ 28. Kxe4 Be2 29. Re1 Bxf1 30. Kd4 Bxg2 31. Re2 c5+ 32. Kc3 Rh3+ 33. Kb2 Rg3 34. Ka3 Bf1 35. Rc2 Kc6 36. Ka4 Rg2 0-1

[Event "ISL-chT 0910"]
[Site "Reykjavik"]
[Date "2009.09.26"]
[Round "3"]
[White "Ottesen, Oddgeir"]
[Black "Gunnarsson, Jon Viktor"]
[Result "0-1"]
[WhiteElo "1903"]
[BlackElo "2462"]
[PlyCount "60"]
[EventDate "2009.09.25"]
[EventType "team-tourn"]
[EventRounds "7"]
[EventCountry "ISL"]
[SourceTitle "CBM 132 Extra"]
[Source "ChessBase"]
[SourceDate "2009.11.03"]
[SourceVersion "1"]
[SourceVersionDate "2009.11.03"]
[SourceQuality "1"]

1. e4 c5 2. Nf3 d6 3. d4 cxd4 4. Nxd4 Nf6 5. Nc3 a6 6. Be2 g6 7. Be3 Bg7 8. Qd2 Nc6 9. Nb3 b5 10. a3 Bb7 11. Bh6 Bxh6 12. Qxh6 Ne5 13. Qe3 Rc8 14. Nd2 Qc7 15. h3 0-0 16. g4 d5 17. f4 Ned7 18. Bf3 d4 19. Qxd4 Qxf4 20. Ne2 Qc7 21. g5 Ne8 22. Nc3 Qg3+ 23. Ke2 Nd6 24. Rag1 Qe5 25. Qxe5 Nxe5 26. Bg2 Ndc4 27. Nd1 Rfd8 28. Nxc4 Nxc4 29. b3 Nxa3 30. c3 Nb1 0-1